Southville International School and Colleges
Your cart is empty.
  • Cart
  • Lists
    Public lists Eva Luna New books Lux_list list_1
    Your lists Log in to create your own lists
  • Log in to your account
  • Your cookies
  • Search history
Southville International School and Colleges
  • Advanced search
  • Recent comments
  • Most popular
  • Libraries

Log in to your account

Log in with GOOGLE


If you do not have an external account, but do have a local account, you can still log in:

  1. Home
  2. MARC view: Critical media studies
Normal view MARC view ISBD view

Critical media studies (Record no. 365849)

[ view plain ]
MARC details
000 -LEADER
fixed length control field 00552nam a22001937a 4500
003 - CONTROL NUMBER IDENTIFIER
control field 0
005 - DATE AND TIME OF LATEST TRANSACTION
control field 20240111114826.0
008 - FIXED-LENGTH DATA ELEMENTS--GENERAL INFORMATION
fixed length control field 240111b xxu||||| |||| 00| 0 eng d
020 ## - INTERNATIONAL STANDARD BOOK NUMBER
International Standard Book Number 978-1-119-406-12-9
050 ## - LIBRARY OF CONGRESS CALL NUMBER
Classification number P 90
Item number .Ot88 2020
100 ## - MAIN ENTRY--PERSONAL NAME
Personal name Ott, Brian L.
245 ## - TITLE STATEMENT
Title Critical media studies
Statement of responsibility, etc Brian L. Ott
250 ## - EDITION STATEMENT
Edition statement Third edition
260 ## - PUBLICATION, DISTRIBUTION, ETC. (IMPRINT)
Place of publication, distribution, etc Oxford
Name of publisher, distributor, etc Wiley Blackwell
Date of publication, distribution, etc c2020.
300 ## - PHYSICAL DESCRIPTION
Extent vii, 419 pages ;
Dimensions 26cm.
504 ## - BIBLIOGRAPHY, ETC. NOTE
Bibliography, etc Includes bibliographical references, glossary, and index.
650 ## - SUBJECT ADDED ENTRY--TOPICAL TERM
Topical term or geographic name as entry element Mass media.
942 ## - ADDED ENTRY ELEMENTS (KOHA)
Source of classification or shelving scheme Library of Congress Classification
Koha item type Books
Holdings
Withdrawn status Lost status Source of classification or shelving scheme Damaged status Home library Current library Shelving location Date acquired Source of acquisition Sub Shelving location Total Checkouts Total Renewals Full call number Barcode Date last seen Date checked out Price effective from Koha item type
    Library of Congress Classification   College Library College Library Reserve Section 01/11/2024 Library Fund   1 1 P 90 .Ot88 2020 C23248 01/19/2024 01/11/2024 01/11/2024 Books
    Library of Congress Classification   College Library College Library Reserve Section 08/15/2024 Library Fund       P 90 .Ot88 2020 C23388 08/15/2024   08/15/2024 Books

Critical media studies

APA

Ott B. L., . (2020). Critical media studies. Oxford: Wiley Blackwell.

Chicago

Ott Brian L, . 2020. Critical media studies. Oxford: Wiley Blackwell.

Harvard

Ott B. L., . (2020). Critical media studies. Oxford: Wiley Blackwell.

MLA

Ott Brian L, . Critical media studies. Oxford: Wiley Blackwell. 2020.

  • Place hold
  • Print
  • Cite
  • Add to your cart (remove)
  • Save record
    BIBTEX Dublin Core MARCXML MARC (non-Unicode/MARC-8) MARC (Unicode/UTF-8) MARC (Unicode/UTF-8, Standard) MODS (XML) RIS
  • More searches
    Search for this title in:
    Other Libraries (WorldCat) Other Databases (Google Scholar) Online Stores (Bookfinder.com) Open Library (openlibrary.org)

Exporting to Dublin Core...

SOUTHVILLE LIBRARY

Southville International School and Colleges Library

1281 Tropical Ave. Cor. Luxembourg St., BF Homes International, Las Pinas City

Tel. No. 8256374 / 252358 Loc. 117/146

Powered by Koha